The Wren in the holly library / (Record no. 492647)
[ view plain ]
| 000 -LEADER | |
|---|---|
| fixed length control field | 01188nam a22002177a 4500 |
| 003 - CONTROL NUMBER IDENTIFIER | |
| control field | OSt |
| 005 - DATE AND TIME OF LATEST TRANSACTION | |
| control field | 20260511100033.0 |
| 008 - FIXED-LENGTH DATA ELEMENTS--GENERAL INFORMATION | |
| fixed length control field | 260511b |||||||| |||| 00| 0 eng d |
| 020 ## - INTERNATIONAL STANDARD BOOK NUMBER | |
| International Standard Book Number | 9781035044856 |
| 040 ## - CATALOGING SOURCE | |
| Original cataloging agency | Kenya National Library Service |
| 082 ## - DEWEY DECIMAL CLASSIFICATION NUMBER | |
| Classification number | 813.6 LIN |
| 100 ## - MAIN ENTRY--PERSONAL NAME | |
| Personal name | Linde, K. A. |
| 245 ## - TITLE STATEMENT | |
| Title | The Wren in the holly library / |
| Statement of responsibility, etc. | K. A. Linde. |
| 300 ## - PHYSICAL DESCRIPTION | |
| Extent | 381 pages : |
| Dimensions | 24 cm |
| 520 ## - SUMMARY, ETC. | |
| Summary, etc. | The Wren in the Holly Library follows Kierse, a skilled thief surviving in a dangerous world where monsters secretly exist alongside humans in New York City. After breaking into the mysterious Holly Library, she is caught by Graves a powerful and feared monster hunter. Instead of killing her, he offers her a dangerous bargain that pulls her into a hidden world of magic, ancient secrets, and deadly creatures. As Kierse becomes entangled in supernatural conflicts and unexpected romance, she must decide who she can trust while fighting to survive in a world far darker than she imagined. |
| 650 ## - SUBJECT ADDED ENTRY--TOPICAL TERM | |
| Topical term or geographic name entry element | Monsters -- Fiction |
| 650 ## - SUBJECT ADDED ENTRY--TOPICAL TERM | |
| Topical term or geographic name entry element | Libraries -- Fiction |
| 942 ## - ADDED ENTRY ELEMENTS (KOHA) | |
| Source of classification or shelving scheme | Dewey Decimal Classification |
| Koha item type | Books |
| Suppress in OPAC | No |
| Withdrawn status | Source of classification or shelving scheme | Damaged status | Not for loan | Home library | Current library | Date acquired | Source of acquisition | Cost, normal purchase price | Total checkouts | Full call number | Barcode | Date last seen | Price effective from | Koha item type |
|---|---|---|---|---|---|---|---|---|---|---|---|---|---|---|
| Dewey Decimal Classification | Buru Buru Library | Acquisition, Cataloguing, Classification and Distribution Development | 05/11/2026 | BAI | 2750.00 | 813.6 LIN | B237350 | 05/11/2026 | 05/11/2026 | Books |
